| 000 -ლიდერი |
| ფიქსირებული სიგრძის საკონტროლო ველი |
01688nam a22002297a 4500 |
| 003 - საკონტროლო ნომრის იდენტიფიკატორი |
| საკონტროლო ველი |
Ge_BSU |
| 005 - ბოლო ოპერაციის თარიღი და დრო |
| საკონტროლო ველი |
20230629114146.0 |
| 008 - ფიქსირებული სიგრძის მონაცემთა ელემენტები - ზოგადი ინფორმაცია |
| ფიქსირებული სიგრძის საკონტროლო ველი |
230629s2017 ge ||||| |||| 00| 0 geo d |
| 020 ## - წიგნის საერთაშორისო სტანდარტული ნომერი |
| International Standard Book Number |
9789941277191 |
| 041 ## - ენის კოდი |
| Language code of text/sound track or separate title |
geo |
| 080 ## - უნივერსალური ათობითი კლასიფიკაციის ინდექსი |
| Universal Decimal Classification number |
27-788-055.1(=353.1)(470) გ-82 |
| 100 ## - მთავარი ჩანაწერი - პიროვნების სახელი |
| Personal name |
გრიგოლი (ბერბიჭაშვილი, გურამ), მიტროპოლიტი. |
| 9 (RLIN) |
19065 |
| 245 ## - ცნობა სათაურის შესახებ |
| Title |
იონა ხელაშვილის მეტაფიზიკური კონცეფცია : |
| Statement of responsibility, etc |
გრიგოლი (ბერბიჭაშვილი, გურამ), მიტროპოლიტი; სამეცნ. რედ. თ. ირემაძე, ლ. ზაქარაძე და სხვ.; ახალი საქართველოს უნივერსიტეტი. კავკასიური ფილოსოფიისა და სამეცნიერო-კვლევიტი არქივი. |
| 264 ## - წარმოების, გამოცემის, დისტრიბუციის და სხვა ცნობები |
| გამოცემის, წარმოების, დისტრიბუციის... ადგილი |
თბილისი, |
| გამოცემის, წარმოების, დისტრიბუციის... თარიღი |
2017. |
| 300 ## - ფიზიკური აღწერა |
| Extent |
218 გვ. ; |
| Other physical details |
24 ს. |
| 501 ## - შენიშვნა თანმხლებ მასალაზე |
| With note |
სახელთა საძიებელი გვ. 213-218 |
| 504 ## - BIBLIOGRAPHY, ETC. NOTE |
| Bibliography, etc |
ბიბლიოგრ. გვ. 204-212 |
| 700 ## - ADDED ENTRY--PERSONAL NAME |
| Personal name |
ირემაე, თ. |
| Relator term |
სამეცნ. რედაქტორი |
| 9 (RLIN) |
19066 |
| 700 ## - ADDED ENTRY--PERSONAL NAME |
| Personal name |
ზაქარაზე, ლ. |
| Relator term |
სამეცნ. რედაქტორი |
| 9 (RLIN) |
19067 |
| 710 ## - ADDED ENTRY--CORPORATE NAME |
| Corporate name or jurisdiction name as entry element |
ახალი საქართველოს უნივერსიტეტი. |
| Subordinate unit |
კავკასიური ფილოსოფიისა და სამეცნიერო-კვლევიტი არქივი. |
| 9 (RLIN) |
19068 |
| 942 ## - ADDED ENTRY ELEMENTS (KOHA) |
| Source of classification or shelving scheme |
|
| Koha item type |
წიგნი |